Keynes y la crisis financiera actual / (Registro nro. 7895)
[ vista simple ]
| 000 -LEADER | |
|---|---|
| fixed length control field | 01874nam a2200277Ia 4500 |
| 003 - CONTROL NUMBER IDENTIFIER | |
| control field | OSt |
| 005 - DATE AND TIME OF LATEST TRANSACTION | |
| control field | 20210521121141.0 |
| 008 - FIXED-LENGTH DATA ELEMENTS--GENERAL INFORMATION | |
| fixed length control field | 210310s2013 sp gr 001 0 s d |
| 020 ## - INTERNATIONAL STANDARD BOOK NUMBER | |
| International Standard Book Number | 9788415664239 |
| 040 ## - CATALOGING SOURCE | |
| Original cataloging agency | CO-JMCR |
| Transcribing agency | CO-JMCR |
| 041 0# - LANGUAGE CODE | |
| Language code of text/sound track or separate title | spa |
| 082 04 - DEWEY DECIMAL CLASSIFICATION NUMBER | |
| Classification number | 330.156 / |
| Item number | T692k |
| Edition number | 23 |
| 100 1# - MAIN ENTRY--PERSONAL NAME | |
| Personal name | Torrero Mañas, Antonio, |
| 9 (RLIN) | 15752 |
| Relator term | autor |
| 245 10 - TITLE STATEMENT | |
| Title | Keynes y la crisis financiera actual / |
| Statement of responsibility, etc. | Antonio Torrero Mañas |
| 260 ## - PUBLICATION, DISTRIBUTION, ETC. | |
| Place of publication, distribution, etc. | Madrid : |
| Name of publisher, distributor, etc. | Marcial Pons, |
| Date of publication, distribution, etc. | 2013 |
| 300 ## - PHYSICAL DESCRIPTION | |
| Extent | 180 páginas ; |
| Dimensions | 21 cm. |
| 490 0# - SERIES STATEMENT | |
| Series statement | Colección Economía |
| 500 ## - GENERAL NOTE | |
| General note | Incluye notas a pie de página e índices de materias y autores. |
| 504 ## - BIBLIOGRAPHY, ETC. NOTE | |
| Bibliography, etc. note | Bibliografía: páginas 161-171 |
| 505 0# - FORMATTED CONTENTS NOTE | |
| Formatted contents note | Dos conferencias sobre la crisis en la Universidad de Alcalá: octubre de 2011 -- La crisis financiera internacional -- La crisis de la economía española -- Sistema financiero y productividad económica -- Keynes y la crisis financiera actual |
| 520 3# - SUMMARY, ETC. | |
| Summary, etc. | El libro esta formado por tres trabajos:<br/>Dos conferencias sobre la crisis. Octubre 2011. Texto de las conferencias que impartí por cuarto año consecutivo, en los primeros días del curso académico sobre la crisis financiera actual y su impacto sobre la economía española.<br/>Sistema Financiero y Productividad Económica. Se intenta explicar las razones y consecuencias del hiperdesarrollo de las finanzas en relación a los sectores reales.<br/>Keynes y la crisis financiera actual. La obra de Keynes es inspiradora para analizar la crisis financiera por los motivos siguientes: a) era un experto en finanzas; b) destaca en su pensamiento la incertidumbre; c) observó directamente la Gran Depresión; d) participó activamente en la creación del Fondo Monetario Internacional. |
| 650 14 - SUBJECT ADDED ENTRY--TOPICAL TERM | |
| Topical term or geographic name entry element | Crisis financiera |
| 9 (RLIN) | 15754 |
| 650 24 - SUBJECT ADDED ENTRY--TOPICAL TERM | |
| Topical term or geographic name entry element | Finanzas internacionales |
| 9 (RLIN) | 5881 |
| 650 24 - SUBJECT ADDED ENTRY--TOPICAL TERM | |
| Topical term or geographic name entry element | Economía keynesiana |
| 9 (RLIN) | 4935 |
| 942 ## - ADDED ENTRY ELEMENTS (KOHA) | |
| Source of classification or shelving scheme | Dewey Decimal Classification |
| Koha item type | Books |
| Withdrawn status | Lost status | Source of classification or shelving scheme | Damaged status | Not for loan | Collection code | Home library | Current library | Date acquired | Source of acquisition | Full call number | Barcode | Date last seen | Copy number | Koha item type |
|---|---|---|---|---|---|---|---|---|---|---|---|---|---|---|
| Dewey Decimal Classification | Non-fiction | Biblioteca Pública José María del Castillo y Rada | Biblioteca Pública José María del Castillo y Rada | 04/15/2018 | Donación | 330.156 / T692k | 430000099 | 05/16/2024 | Ej.1 | Books |